000 00944nam a2200301 4500
001 32440
003 AR-RoBPED
005 20260318091855.0
008 260317s1989 ag a|||ar|||| 001 0 spa d
020 _a9509896144
040 _aAR-RoBPED
041 _aspa
100 _aSchiuto, Adriana
_930607
245 1 _aPsicología infantil y educación sexual /
_cAdriana Schiuto.
260 _aBuenos Aires :
_bEDA,
_c[1989.]
300 _a166 p.
_bil.
490 0 _a(Colección Cofrecito)
505 _aNiños de 3 a 8 años. Contiene teoría psicogenética.
650 4 _aNIVEL INICIAL
_91213
650 4 _aPSICOLOGIA DEL NIÑO
_91135
650 4 _aPSICOLOGIA GENETICA
_95092
650 4 _aEDUCACION SEXUAL
_9883
650 4 _aMOTRICIDAD
_911832
650 4 _aAPRENDIZAJE DE LA LECTOESCRITURA
_95086
650 4 _aJUEGO
_9374
942 _2udc
_cBK
_h373.24
_m S 27
_ninv. 42300
_ak. 32440
945 _amm 17/06/2026 - cd 18/03/2026
999 _c32440
_d32440